[Event "Backa Palanka op 3rd"]
[Site "Backa Palanka"]
[Date "2002.05.02"]
[Round "1"]
[White "Blanusa, Ranko"]
[Black "Brenjo, Slavisa"]
[Result "1/2-1/2"]
[WhiteElo "2114"]
[BlackElo "2424"]
[PlyCount "120"]
[EventDate "2002.05.02"]
[EventType "swiss"]
[EventRounds "9"]
[EventCountry "YUG"]
[SourceTitle "CBM 088 Extra"]
[Source "ChessBase"]
[SourceDate "2002.07.01"]
[SourceVersion "2"]
[SourceVersionDate "2002.07.01"]
[SourceQuality "1"]

1. c4 Nf6 2. Nf3 c5 3. g3 g6 4. Bg2 Bg7 5. 0-0 0-0 6. Nc3 Nc6 7. d4 cxd4 8. Nxd4 Nxd4 9. Qxd4 d6 10. Qd3 Nd7 11. b3 Nc5 12. Qd2 a5 13. Bb2 Bd7 14. Nd5 Bxb2 15. Qxb2 Bc6 16. h4 Bxd5 17. Bxd5 e6 18. Bf3 Rb8 19. Rfd1 b5 20. cxb5 Rxb5 21. Qd4 d5 22. Rac1 Qe7 23. Qe3 Re8 24. a4 d4 25. Qe5 f6 26. Qf4 Rb4 27. Rc4 Rxc4 28. bxc4 e5 29. Bd5+ Kg7 30. Qd2 Nxa4 31. Rb1 Qd8 32. Rb7+ Re7 33. Rxe7+ Qxe7 34. Qxa5 Nc5 35. Qa8 e4 36. Qg8+ Kh6 37. Qf7 Qxf7 38. Bxf7 f5 39. Kf1 Kg7 40. Bd5 Kf6 41. Ke1 h6 42. Bc6 Ke5 43. Be8 g5 44. hxg5 hxg5 45. Bg6 g4 46. Bh5 Nb3 47. Kd1 d3 48. e3 Ke6 49. Be8 Nc5 50. Kd2 Nd7 51. Kd1 Ne5 52. Bb5 Kd6 53. Kd2 Nf3+ 54. Kd1 Ng1 55. Be8 Kc5 56. Bd7 Nf3 57. Be6 Ne5 58. Bxf5 Kxc4 59. Bxe4 Kc3 60. Bf5 Kc4 1/2-1/2